Russian Rule in Samarkand 1868-1910 (Record no. 578954)

MARC details
000 -LEADER
fixed length control field 00791nam a2200181Ia 4500
008 - FIXED-LENGTH DATA ELEMENTS--GENERAL INFORMATION
fixed length control field 250807s9999 xx 000 0 und d
020 ## - INTERNATIONAL STANDARD BOOK NUMBER
ISBN 9780199547371
082 ## - DEWEY DECIMAL CLASSIFICATION NUMBER
Classification number 958.7
Item number MOR
100 ## - MAIN ENTRY--AUTHOR NAME
Personal name Morrison, Alexander
245 #0 - TITLE STATEMENT
Title Russian Rule in Samarkand 1868-1910
Statement of responsibility, etc Morrison, Alexander
260 ## - PUBLICATION, DISTRIBUTION, ETC. (IMPRINT)
Name of publisher Oxford University Press, USA
Year of publication 2008
300 ## - PHYSICAL DESCRIPTION
Number of Pages 395 pages
520 ## - SUMMARY, ETC.
Summary, etc Based on extensive archival research in Russia, India, and Uzbekistan, and containing much source material translated from Russian, Russian Rule in Samarkand uses a comparative approach to examine the structures, personnel, and ideologies of Russian rule in Turkestan, taking Samarkand and the surrounding region as a case-study.
650 ## - SUBJECT ADDED ENTRY--TOPICAL TERM
Topical Term History
942 ## - ADDED ENTRY ELEMENTS (KOHA)
Koha item type English Books
Holdings
Withdrawn status Lost status Damaged status Not for loan Home library Current library Shelving location Date acquired Full call number Accession Number Price effective from Koha item type
        Anna Centenary Library Anna Centenary Library 7TH FLOOR, B WING 07.08.2025 958.7 MOR 206730 07.08.2025 English Books

Find us on the map